000
00309nam a2200133Ia 4500
008
240624s9999 xx 000 0 und d
041
_a
eng
082
_a
823 RAN
100
_a
RAND AYN
245
_a
FOUNTAINHEAD
260
_c
1947
_a
London
_b
HarperCollins Publishers
300
_a
679 : cm. ; 18
365
_c
RS
999
_c
2302
_d
2302